000 00796nam a22002417a 4500
005 20131219123900.0
008 131126b xxu||||| |||| 00| 0 eng d
010 _aPUN-7765
020 _c130.00
_a9789350178997
035 _aPN-6883
037 _bDBAD / PUB
037 _bUnistar Books
040 _adpl
_bpn
082 _a850
100 _aਕੰਗ, ਗੁਰਵਿੰਦਰ
245 _aਜਾਗ ਪੰਜਾਬੀਆ /
_cਗੁਰਵਿੰਦਰ ਕੰਗ
246 _aJaag punjabia
_bby Gurvinder Kang
260 _aChandigarh
_bUnistar Books
_c2012
270 _bChandigarh
_asco-26-27, sector-34 A
_k0172-5077427- 9815471219
_e160022
300 4 _a79p.
_c22ਸੇਂਮੀ (ਸਜਿਲੱਦ)
942 _2ddc
_cPN
_h850
_mਕੰਗਗੁ
999 _c81307
_d81307